| 000 | 00957cam a2200253 a 4500 | ||
|---|---|---|---|
| 001 | 222 | ||
| 003 | BR-CuiBMT | ||
| 005 | 20231114033953.0 | ||
| 008 | 230831s2021 mgb 000 0 por d | ||
| 020 | _a9786555180589 | ||
| 040 |
_aBR-CuiBMT _cBR-CuiBMT |
||
| 080 |
_a35.077.3 _22007 |
||
| 090 |
_a35.077.3 _bC331m _c7. ed. |
||
| 100 | 1 | _aCarvalho, Antonio Carlos Alencar | |
| 245 | 1 | 0 |
_aManual de processo administrativo disciplinar e sindicância : _bà luz da jursiprudência dos tribunais e da casuística da administração pública / _cAntonio Carlos Alencar Carvalho ; prefácio da 1. ed. Min. Marco Aurélio Mello. |
| 250 | _a7. ed., rev., atual. e aum. | ||
| 260 |
_aBelo Horizonte : _bFórum, _c2021. |
||
| 300 |
_a2170 p. ; _c24 cm |
||
| 504 | _aInclui bibliografia. | ||
| 650 |
_aProcesso administrativo _zBrasil |
||
| 650 |
_aSindicância administrativa _zBrasil |
||
| 650 |
_aProcesso disciplinar _xJurisprudência _zBrasil |
||
| 942 |
_2udc _cLV |
||
| 999 |
_c222 _d222 |
||